000 00627nam a2200205 i 4500
001 bgj
245 0 0 _aThe Recipe Book :
_bpractical ideas for the language classroom /
_cedited by Seth Lindstromberg.
250 _a[5th impr.].
260 _aHarlow, England :
_bLongman,
_c1994.
300 _aXIV, 92 pp :
_bill. ;
_c25 cm.
504 _aBibliography p. 92.
650 9 _aSchools
_aEnglish language
_xCurriculum subjects
_xTeaching
700 1 _aLINDSTROMBERG, Seth.
_eed.
020 _a0582037646
040 _cBPK
041 0 _aeng
920 _a0-582-03764-6
942 _cKS
008 s uk f |000 0 eng
999 _c47992
_d47992
856 _uhttp://koha.tu.koszalin.pl/cgi-bin/koha/opac-detail.pl?biblionumber=47992
_yKatalog online BPK